| 000 | 00608cam a22001935i 4500 | ||
|---|---|---|---|
| 020 | _a9789291152964 (printed) | ||
| 020 | _a9789291152971 (electronic) | ||
| 040 | _cDLC | ||
| 082 | _a551 ICI 2014 C142 Or. | ||
| 245 | 0 | 0 | _aResearch insights on climate and water in the Hindu Kush Himalayas / |
| 300 |
_axi, 164 pages : _billustrations, color maps ; _c24 cm |
||
| 650 | 0 | _aWater-supply | |
| 650 | 0 | _aWater-supply | |
| 650 | 0 | _aClimatic changes | |
| 700 | 1 | _aVaidya, Ramesh Ananda, | |
| 700 | 1 | _aSharma, Eklabya, | |
| 710 | 2 | _aInternational Centre for Integrated Mountain Development. | |
| 942 | _cAEDBB | ||
| 999 |
_c18345 _d18345 |
||